[Event "Tournoi Skype 021B"]
[Site "Skype"]
[Date "????.??.??"]
[Round "7.29"]
[White "Codina, Teresa"]
[Black "Baker, Abi"]
[Result "1-0"]
[WhiteElo "1266"]
[BlackElo "1155"]
[PlyCount "171"]

1. e4 e6 2. d4 d5 3. Nc3 c5 4. Nf3 Nc6 5. Bb5 a6 6. Bxc6+ bxc6 7. e5 a5 8. O-O
Ba6 9. Re1 Ne7 10. dxc5 Nf5 11. Nd4 Bxc5 12. Nxf5 exf5 13. Be3 d4 14. Na4 Ba7
15. Bf4 Qh4 16. Bg3 Qg4 17. Qxg4 fxg4 18. b3 O-O-O 19. Nb2 h5 20. Bh4 g6 21.
Bxd8 Kxd8 22. Rad1 h4 23. Nd3 c5 24. a4 g5 25. Re4 g3 26. h3 Bb7 27. Nxc5 Bxc5
28. Re2 Ba6 29. c4 Ke7 30. Rd3 Ke6 31. Kf1 Bb6 32. f3 Ba7 33. Ke1 Rb8 34. Kd1
Kf5 35. Kc2 Rb4 36. Kd2 Bb8 37. Rxd4 Rxb3 38. Re1 Bxe5 39. Rd5 f6 40. c5 Ke6
41. Rd8 Ke7 42. Ra8 Rb2+ 43. Kc1 Rxg2 44. Rxa6 Rh2 45. c6 g2 46. Ra7+ Kd6 47.
Rd7+ Kxc6 48. Rdd1 Rxh3 49. Rg1 Rh2 50. Kc2 h3 51. Kd3 Rh1 52. Rxh1 gxh1=Q 53.
Rxh1 h2 54. Ke4 Bd6 55. Kf5 Be7 56. Rxh2 Kd5 57. Rd2+ Kc4 58. Ke6 Kc3 59. Rd7
Kb4 60. Kxe7 f5 61. Rd5 g4 62. fxg4 fxg4 63. Rd4+ Ka3 64. Rxg4 Ka2 65. Rd4 Kb2
66. Kd6 Ka3 67. Kc5 Kb3 68. Kb5 Kc3 69. Rh4 Kb3 70. Kxa5 Ka3 71. Kb5 Kb3 72. a5
Kc3 73. Kc5 Kd3 74. Kb4 Ke3 75. Kc3 Kf3 76. a6 Kg3 77. Ra4 Kf3 78. Kd3 Kg3 79.
a7 Kf3 80. a8=Q+ Kf2 81. Qf8+ Kg3 82. Ra5 Kh4 83. Ra1 Kg3 84. Rg1+ Kh2 85. Qg7
Kh3 86. Qg3# 1-0

[Event "Tournoi Skype 021B"]
[Site "Skype"]
[Date "????.??.??"]
[Round "7.30"]
[White "Douichi, Mohammed"]
[Black "Berbedes, Jorgelina"]
[Result "1-0"]
[WhiteElo "1255"]
[BlackElo "1000"]
[PlyCount "105"]

1. e4 d6 2. Nc3 Nf6 3. d3 g6 4. Nf3 Bg7 5. e5 dxe5 6. Nxe5 O-O 7. Be2 Nc6 8.
Nxc6 bxc6 9. O-O Nd5 10. Ne4 Rb8 11. c3 Qd7 12. Nc5 Qd6 13. Ne4 Qe5 14. Bf3 Ba6
15. d4 Qe6 16. Re1 Qc8 17. Nc5 e6 18. Qa4 Bb7 19. Qxa7 Ba8 20. Qa4 Nb6 21. Qc2
Nd7 22. Nxd7 Qxd7 23. Bf4 Rfe8 24. b3 Qe7 25. Qe2 Bb7 26. Rad1 c5 27. Bxb7 Rxb7
28. Be5 f6 29. Bg3 cxd4 30. cxd4 c5 31. Qe4 f5 32. Qe2 cxd4 33. Be5 Ra7 34.
Bxd4 e5 35. Bxa7 Qxa7 36. Kf1 Qc7 37. Qc4+ Qxc4+ 38. bxc4 e4 39. c5 Bc3 40. Re2
Be5 41. c6 Bxh2 42. Red2 Rc8 43. Rd8+ Rxd8 44. Rxd8+ Kf7 45. g3 f4 46. Rd7+ Ke8
47. Rxh7 fxg3 48. Rh8+ Ke7 49. c7 g2+ 50. Kxg2 Bxc7 51. Rh7+ Kd6 52. Rg7 Kc6
53. Rxg6+ 1-0

[Event "Tournoi Skype 021B"]
[Site "Skype"]
[Date "????.??.??"]
[Round "7.32"]
[White "Erten, Ozlem"]
[Black "Le Bouill, Pierre"]
[Result "0-1"]
[WhiteElo "1188"]
[BlackElo "1000"]
[PlyCount "64"]

1. e4 c5 2. Nf3 h6 3. c3 Nf6 4. e5 Nd5 5. d4 cxd4 6. cxd4 Qa5+ 7. Bd2 Qb6 8.
Qc2 e6 9. Qxc8+ Qd8 10. Qxd8+ Kxd8 11. Nc3 Nb4 12. Rc1 N8c6 13. a3 Nd5 14. Bc4
Nb6 15. Bb3 d6 16. d5 exd5 17. Nxd5 Nxd5 18. Bxd5 dxe5 19. Bxf7 Kc7 20. Nxe5
Bd6 21. Ng6 Rhd8 22. Ba5+ b6 23. Bd2 Kb7 24. Bd5 Re8+ 25. Be3 Rac8 26. O-O a6
27. Bxc6+ Rxc6 28. Rxc6 Kxc6 29. Rc1+ Kb7 30. Bd4 Bc5 31. Bxc5 bxc5 32. Rxc5
Re1# 0-1

[Event "Tournoi Skype 021B"]
[Site "Skype"]
[Date "????.??.??"]
[Round "7.33"]
[White "Tekes, Gamze"]
[Black "Marty, Yvette"]
[Result "0-1"]
[WhiteElo "1055"]
[BlackElo "1000"]
[PlyCount "65"]

1. e4 e5 2. Nf3 d6 3. Bc4 Nf6 4. d3 Nc6 5. Bg5 Nd4 6. Nh4 Ne6 7. Nc3 Nxg5 8.
Qd2 Ne6 9. O-O-O Qd7 10. Rde1 Be7 11. f4 Nd4 12. fxe5 dxe5 13. Re3 b5 14. Nxb5
a6 15. Na3 Rb8 16. b3 O-O 17. Rg3 g6 18. Nf5 Nxf5 19. exf5 Bxa3+ 20. Kd1 Qxf5
21. h4 e4 22. h5 Nxh5 23. Rgh3 Re8 24. Rg1 Nf4 25. Rh4 exd3 26. cxd3 Nxd3 27.
Bxd3 Qf6 28. Qh6 Qh8 29. Rf4 Bf8 30. Qg5 Qg7 31. Rh1 Bd7 32. Rg4 Bxg4+ 33. Kc2
0-1

[Event "Tournoi Skype 021B"]
[Site "Skype"]
[Date "????.??.??"]
[Round "7.34"]
[White "Schnell, Nicolas"]
[Black "Lawton, Tony"]
[Result "0-1"]
[WhiteElo "1000"]
[BlackElo "1000"]
[PlyCount "46"]

1. e4 e5 2. Nf3 Nc6 3. Bc4 h6 4. d3 Nf6 5. Nc3 g6 6. Ng1 Bb4 7. g4 d6 8. h4
Bxc3+ 9. bxc3 Nxe4 10. dxe4 Bxg4 11. Qd5 Qf6 12. Ne2 O-O-O 13. Qb5 Rd7 14. Rb1
Nd8 15. Qa5 a6 16. Bb5 Nc6 17. Bxc6 Kd8 18. Bxb7 Rg8 19. Ba3 h5 20. Ba8 Ke8 21.
Rb8+ Rd8 22. Qa4+ Bd7 23. Qxd7+ Kxd7 0-1